Kerajaan : Malay political culture on the eve of colonial rule /

Bibliographic Details
Main Author: Milner, A. C.
Format: Book
Language:English
Published: Tucson, Ariz. : Published for the Association for Asian Studies by the University of Arizona Press, [1982]
Series:Monographs of the Association for Asian Studies ; no. 40.
Subjects:

MARC

Tag First Indicator Second Indicator Subfields
LEADER 00000pam a2200000 a 4500
001 in00000085458
005 20151008061506.0
008 820108s1982 azub b 00110 eng
010 |a  81024016  
020 |a 0816507724 
020 |z 0816507740 (pbk.) 
035 |a (OCoLC)08115261 
035 |9 AAJ8179AM 
039 0 |a 2  |b 3  |c 3  |d 3  |e 3 
040 |a DLC  |c DLC  |d TXA  |d UtOrBLW 
043 |a a-my--- 
049 |a TXAM  |c [1673236] 
050 0 0 |a DS596.6  |b .M54 1982 
082 0 |a 959.5/103  |2 19 
100 1 |a Milner, A. C. 
245 1 0 |a Kerajaan :  |b Malay political culture on the eve of colonial rule /  |c A.C. Milner. 
264 1 |a Tucson, Ariz. :  |b Published for the Association for Asian Studies by the University of Arizona Press,  |c [1982] 
264 4 |c ©1982 
300 |a xxiii, 178 pages :  |b illustrations ;  |c 24 cm. 
336 |a text  |b txt  |2 rdacontent 
337 |a unmediated  |b n  |2 rdamedia 
338 |a volume  |b nc  |2 rdacarrier 
490 1 |a The Association for Asian Studies monograph ;  |v no. 40 
500 |a Includes index. 
504 |a Bibliography: pages 159-172. 
650 0 |a Malays (Asian people)  |x Politics and government. 
651 0 |a Malaya  |x Politics and government. 
830 0 |a Monographs of the Association for Asian Studies ;  |v no. 40. 
999 |a MARS 
999 f f |s 8cf0d027-c654-3672-81e5-f18e6120f8f7  |i 64eac98a-d08e-3ba3-a52f-855d7977df5c  |t 0 
952 f f |p ric  |a Texas A&M University  |b Rellis Campus  |c Joint Library Facility  |d Remote Storage  |t 0  |e DS596.6 .M54 1982  |h Library of Congress classification  |i unmediated -- volume  |m A14806101958 
998 f f |a DS596.6 .M54 1982  |t 0  |l Remote Storage